[Event "HUN-ch Rapid"]
[Site "Ajka"]
[Date "2022.07.15"]
[Round "4"]
[White "Fabian Nagy, Sandor"]
[Black "Kiss, Pal"]
[Result "0-1"]
[WhiteElo "1955"]
[BlackElo "2243"]
[PlyCount "108"]
[EventDate "2022.07.15"]
[EventType "swiss (rapid)"]
[EventRounds "13"]
[EventCountry "HUN"]
[SourceTitle "CBM 209 Extra"]
[Source "ChessBase"]
[SourceDate "2022.09.30"]
[SourceVersion "1"]
[SourceVersionDate "2022.09.30"]
[SourceQuality "1"]

1. e4 c5 2. Nf3 Nc6 3. d4 cxd4 4. Nxd4 Nf6 5. Nc3 e5 6. Nb3 Bb4 7. Bd3 d5 8. exd5 Nxd5 9. Bd2 Bxc3 10. bxc3 0-0 11. 0-0 f5 12. f3 Qb6+ 13. Kh1 Ne3 14. Bxe3 Qxe3 15. Re1 Qb6 16. Bc4+ Kh8 17. Qd6 Rf6 18. Qd2 Be6 19. Bxe6 Rxe6 20. Rad1 Rae8 21. Qd5 Qc7 22. Nc5 R6e7 23. Qd6 b6 24. Qxc7 Rxc7 25. Nd7 h6 26. Rd6 e4 27. f4 Rd8 28. Rxc6 Rxc6 29. Ne5 Rc7 30. g4 fxg4 31. Rxe4 Kg8 32. c4 b5 33. Kg2 Re8 34. Kg3 bxc4 35. Kxg4 c3 36. Rd4 Rce7 37. Kf5 Rf8+ 38. Kg4 Kh7 39. h4 g6 40. Rc4 h5+ 41. Kg3 Rd8 42. Rxc3 Rd2 43. Rc6 Rg7 44. a4 a5 45. c4 Ra2 46. c5 Ra3+ 47. Kg2 Rb7 48. Rxg6 Rb2+ 49. Kh1 Rxa4 50. c6 Rc2 51. Rg5 Ra1+ 52. Rg1 Rxg1+ 53. Kxg1 a4 54. f5 a3 0-1

[Event "HUN-chT2 Toth 1718"]
[Site "Hungary"]
[Date "2018.03.04"]
[Round "9.4"]
[White "Vidakovics, Istvan"]
[Black "Fabian Nagy, Sandor"]
[Result "1-0"]
[WhiteElo "2030"]
[BlackElo "1983"]
[PlyCount "67"]
[EventDate "2017.09.24"]
[EventType "team-tourn"]
[EventRounds "11"]
[EventCountry "HUN"]
[SourceTitle "EXT 2021"]
[Source "ChessBase"]
[SourceDate "2020.10.23"]
[SourceVersion "1"]
[SourceVersionDate "2020.10.23"]
[SourceQuality "1"]
[WhiteTeam "Szeged Maroczy II"]
[BlackTeam "Szentes Integral"]
[WhiteTeamCountry "HUN"]
[BlackTeamCountry "HUN"]

1. d4 Nf6 2. c4 e6 3. Nc3 d5 4. Bg5 Be7 5. e3 0-0 6. Nf3 Nc6 7. Bd3 Re8 8. 0-0 dxc4 9. Bxc4 Nd5 10. Bxe7 Rxe7 11. Rc1 a6 12. a3 Nxc3 13. Rxc3 Qd6 14. Ne5 Bd7 15. f4 Rd8 16. Bd3 Be8 17. Qc2 g6 18. Be4 Nxe5 19. fxe5 Qb6 20. h4 Bb5 21. Rf6 Rxd4 22. exd4 Qxd4+ 23. Rf2 Qxe5 24. a4 Be8 25. Bxb7 Qe1+ 26. Kh2 Bxa4 27. Qe2 Qb1 28. Qe4 Qd1 29. Rd3 Qa1 30. Ra3 Qd1 31. Qxa4 Qd6+ 32. Qf4 e5 33. Qf6 Qc5 34. Rd3 1-0

[Event "HUN-chT2 Toth 1718"]
[Site "Hungary"]
[Date "2017.11.26"]
[Round "4.4"]
[White "Fabian Nagy, Sandor"]
[Black "Zalai, Mihaly"]
[Result "0-1"]
[WhiteElo "1983"]
[BlackElo "2129"]
[PlyCount "74"]
[EventDate "2017.09.24"]
[EventType "team-tourn"]
[EventRounds "11"]
[EventCountry "HUN"]
[SourceTitle "EXT 2021"]
[Source "ChessBase"]
[SourceDate "2020.10.23"]
[SourceVersion "1"]
[SourceVersionDate "2020.10.23"]
[SourceQuality "1"]
[WhiteTeam "Szentes Integral"]
[BlackTeam "Oroshaza"]
[WhiteTeamCountry "HUN"]
[BlackTeamCountry "HUN"]

1. e4 c5 2. Nf3 Nc6 3. c3 d5 4. exd5 Qxd5 5. d4 Bg4 6. Be2 cxd4 7. cxd4 e6 8. 0-0 Nf6 9. Nc3 Qa5 10. Be3 Bd6 11. h3 Bh5 12. Nb5 Bb8 13. Qb3 0-0 14. Rac1 Nd5 15. Rc5 Qb6 16. Rxd5 Bxf3 17. Bxf3 exd5 18. Qxd5 a6 19. Nc3 Rd8 20. Qg5 h6 21. Qh5 Bd6 22. Nd5 Qxb2 23. Be4 Qxa2 24. Qg4 Kf8 25. Nb6 Rab8 26. Bd5 Qa5 27. Qf5 Bh2+ 28. Kxh2 Rxd5 29. Nxd5 Rd8 30. Qh7 Qxd5 31. Qh8+ Ke7 32. Qxg7 Rd6 33. Bxh6 Rg6 34. Qf8+ Kd7 35. g3 Nxd4 36. Rd1 Nf3+ 37. Kg2 Nh4+ 0-1

[Event "HUN-chT2 Toth 1718"]
[Site "Hungary"]
[Date "2017.10.29"]
[Round "3.4"]
[White "Molnar, Laszlo"]
[Black "Fabian Nagy, Sandor"]
[Result "0-1"]
[WhiteElo "2169"]
[BlackElo "1983"]
[PlyCount "112"]
[EventDate "2017.09.24"]
[EventType "team-tourn"]
[EventRounds "11"]
[EventCountry "HUN"]
[SourceTitle "EXT 2021"]
[Source "ChessBase"]
[SourceDate "2020.10.23"]
[SourceVersion "1"]
[SourceVersionDate "2020.10.23"]
[SourceQuality "1"]
[WhiteTeam "Ujszasz"]
[BlackTeam "Szentes Integral"]
[WhiteTeamCountry "HUN"]
[BlackTeamCountry "HUN"]

1. Nf3 d5 2. d4 Nf6 3. c4 c6 4. Nc3 g6 5. cxd5 Nxd5 6. e4 Nxc3 7. bxc3 Bg7 8. Be3 Qa5 9. Qd2 Bg4 10. Be2 0-0 11. Rb1 b6 12. 0-0 Nd7 13. Rfd1 Rfd8 14. h3 Bxf3 15. Bxf3 Rac8 16. Bg4 e6 17. Rbc1 h5 18. Be2 Nc5 19. Qc2 Na4 20. Qb3 b5 21. Qb4 Qxb4 22. cxb4 Bf8 23. Bg5 Re8 24. Bd2 Red8 25. Be1 Nb2 26. Rd2 Bh6 27. Rcc2 Bxd2 28. Bxd2 Na4 29. Be3 Nb6 30. f4 f5 31. e5 Nd5 32. Bd2 Kf7 33. h4 Rc7 34. g3 Rb8 35. Kf2 Rb6 36. Bf3 Ra6 37. Bxd5 exd5 38. Bc1 Ra4 39. a3 a5 40. bxa5 Rxa5 41. Rc3 Ra4 42. Ke3 c5 43. Rxc5 Rxc5 44. dxc5 d4+ 45. Kd3 Ke6 46. c6 Kd5 47. c7 Rc4 48. Bb2 Rxc7 49. Bxd4 Rc1 50. Kd2 Rb1 51. Kc2 Rh1 52. Be3 Rh3 53. Kd3 Rxg3 54. Ke2 Rh3 55. Kf2 Rh2+ 56. Kf3 Rc2 0-1

[Event "HUN-chT2 Toth 1718"]
[Site "Hungary"]
[Date "2017.09.24"]
[Round "1.4"]
[White "Fabian Nagy, Sandor"]
[Black "Visnyei, Illes"]
[Result "1-0"]
[WhiteElo "1983"]
[BlackElo "2009"]
[PlyCount "55"]
[EventDate "2017.09.24"]
[EventType "team-tourn"]
[EventRounds "11"]
[EventCountry "HUN"]
[SourceTitle "EXT 2021"]
[Source "ChessBase"]
[SourceDate "2020.10.23"]
[SourceVersion "1"]
[SourceVersionDate "2020.10.23"]
[SourceQuality "1"]
[WhiteTeam "Szentes Integral"]
[BlackTeam "Bekes"]
[WhiteTeamCountry "HUN"]
[BlackTeamCountry "HUN"]

1. e4 c5 2. Nf3 d6 3. d4 cxd4 4. Nxd4 a6 5. Be3 Nc6 6. Nc3 Nf6 7. f3 Qc7 8. g4 e6 9. g5 Nd7 10. f4 Nxd4 11. Bxd4 b5 12. a3 Bb7 13. Qd2 h6 14. g6 Nf6 15. gxf7+ Qxf7 16. Bd3 Qc7 17. 0-0-0 e5 18. fxe5 dxe5 19. Be3 0-0-0 20. Rhg1 b4 21. Nd5 Nxd5 22. exd5 bxa3 23. b3 Rxd5 24. Bf5+ Kb8 25. Qxd5 Bxd5 26. Rxd5 Qc3 27. Rd8+ Kc7 28. Rc8+ 1-0

[Event "HUN-chT2 Toth 1617"]
[Site "Hungary"]
[Date "2016.12.11"]
[Round "6.5"]
[White "Fabian Nagy, Sandor"]
[Black "Petro, Jozsef"]
[Result "1-0"]
[WhiteElo "1992"]
[BlackElo "2070"]
[PlyCount "81"]
[EventDate "2016.09.25"]
[EventType "team-tourn"]
[EventRounds "11"]
[EventCountry "HUN"]
[SourceTitle "EXT 2021"]
[Source "ChessBase"]
[SourceDate "2020.10.23"]
[SourceVersion "1"]
[SourceVersionDate "2020.10.23"]
[SourceQuality "1"]
[WhiteTeam "Szentes Integral"]
[BlackTeam "Bekes"]
[WhiteTeamCountry "HUN"]
[BlackTeamCountry "HUN"]

1. e4 c6 2. d4 g6 3. Nf3 d5 4. e5 h5 5. Bd3 Bg4 6. h3 Bxf3 7. Qxf3 e6 8. Nc3 Nd7 9. Ne2 c5 10. c3 cxd4 11. cxd4 Bb4+ 12. Kf1 Rc8 13. Nf4 Ne7 14. a3 Ba5 15. Be3 a6 16. Ke2 Nf8 17. g4 h4 18. Kf1 Bb6 19. Kg2 Nc6 20. Ne2 Nd7 21. Qf4 Bc7 22. Rac1 Ndxe5 23. dxe5 Bxe5 24. Rxc6 Bxf4 25. Rxc8 Qxc8 26. Bxf4 0-0 27. Rc1 Qa8 28. Bg5 Rc8 29. Re1 Kg7 30. Bxh4 f6 31. Nf4 e5 32. Nxd5 g5 33. Bg3 b5 34. Be4 Qa7 35. h4 gxh4 36. Bxh4 Rf8 37. Rh1 Qd4 38. Bxf6+ Kf7 39. Rh7+ Ke6 40. Nf4+ Kxf6 41. g5+ 1-0

[Event "HUN-chT2 Toth 1617"]
[Site "Hungary"]
[Date "2016.10.09"]
[Round "2.5"]
[White "Kiss, Balazs Janos"]
[Black "Fabian Nagy, Sandor"]
[Result "1-0"]
[WhiteElo "1965"]
[BlackElo "1992"]
[PlyCount "143"]
[EventDate "2016.09.25"]
[EventType "team-tourn"]
[EventRounds "11"]
[EventCountry "HUN"]
[SourceTitle "EXT 2021"]
[Source "ChessBase"]
[SourceDate "2020.10.23"]
[SourceVersion "1"]
[SourceVersionDate "2020.10.23"]
[SourceQuality "1"]
[WhiteTeam "Szeged Meritum"]
[BlackTeam "Szentes Integral"]
[WhiteTeamCountry "HUN"]
[BlackTeamCountry "HUN"]

1. d4 e6 2. Nf3 c5 3. e3 Nf6 4. c3 d5 5. Bd3 Nc6 6. Nbd2 Bd6 7. 0-0 0-0 8. Re1 e5 9. dxe5 Nxe5 10. Nxe5 Bxe5 11. Nf3 Bc7 12. b3 Qd6 13. h3 Re8 14. Bb2 Ne4 15. Bxe4 Rxe4 16. Qd3 Qg6 17. Kf1 Bf5 18. Qxd5 Rd8 19. Qxb7 Bb6 20. Rad1 Rde8 21. Qd5 Qf6 22. Qd6 R4e6 23. Qf4 Re4 24. Qg5 Qe6 25. c4 f6 26. Qg3 Qe7 27. Qd6 Ba5 28. Qd5+ Qe6 29. Re2 Bb6 30. Bc3 Qxd5 31. Rxd5 Be6 32. Rd1 Bf7 33. Red2 R4e7 34. Ng1 Bg6 35. Ne2 Be4 36. Nf4 Kf7 37. Rd7 g5 38. Nh5 f5 39. Nf6 Rxd7 40. Rxd7+ Re7 41. Rxe7+ Kxe7 42. Nxe4 fxe4 43. Ke2 Ke6 44. g4 Bc7 45. a3 a5 46. f3 exf3+ 47. Kxf3 Bb6 48. Ke4 Bc7 49. Bg7 Bd6 50. Bc3 Bc7 51. Be1 Bb6 52. h4 gxh4 53. Bxh4 Bc7 54. Kf3 Bb6 55. Bg3 Bd8 56. Bb8 Bb6 57. Kf4 h6 58. e4 Bd8 59. e5 Bg5+ 60. Ke4 Bc1 61. a4 Ba3 62. Bc7 Bb2 63. Bxa5 Bxe5 64. Bd2 Bc7 65. Bxh6 Ba5 66. Be3 Kd6 67. Kf5 Bc3 68. Bf4+ Kc6 69. Ke6 Kb6 70. Kd5 Bd4 71. Bd6 Be3 72. Bxc5+ 1-0

[Event "Eger Agria op 40th"]
[Site "Eger"]
[Date "2016.07.21"]
[Round "6"]
[White "Fabian Nagy, Sandor"]
[Black "Ligart, Tamas"]
[Result "1/2-1/2"]
[WhiteElo "2007"]
[BlackElo "2211"]
[PlyCount "124"]
[EventDate "2016.07.18"]
[EventType "swiss"]
[EventRounds "8"]
[EventCountry "HUN"]
[SourceTitle "EXT 2020"]
[Source "ChessBase"]
[SourceDate "2019.10.17"]
[SourceVersion "1"]
[SourceVersionDate "2019.10.17"]
[SourceQuality "1"]

1. e4 e5 2. Nf3 Nc6 3. d4 exd4 4. Nxd4 Bb4+ 5. c3 Bc5 6. Be3 Bb6 7. Bc4 Nf6 8. Nd2 Nxd4 9. cxd4 d5 10. exd5 Nxd5 11. 0-0 0-0 12. Qf3 Be6 13. Rfe1 c6 14. g3 Nxe3 15. fxe3 Ba5 16. Re2 Bxd2 17. Bxe6 fxe6 18. Qe4 Ba5 19. Qxe6+ Kh8 20. Rd1 Qf6 21. Qc4 Rae8 22. Qd3 Bb6 23. e4 Qxd4+ 24. Qxd4 Rd8 25. Rf2 Bxd4 26. Rxd4 Kg8 27. Rxf8+ Rxf8 28. Rd7 Rf7 29. Rd8+ Rf8 30. Rd7 Rb8 31. Kf2 h6 32. Ke3 a5 33. e5 Kh7 34. Kd4 Kg6 35. Kc5 Kf5 36. Kd6 Re8 37. Rf7+ Kg6 38. Rxb7 Kf5 39. Rf7+ Kg6 40. e6 c5 41. Re7 Rb8 42. b3 a4 43. Kc7 Rb4 44. bxa4 Rxa4 45. Rd7 Rxa2 46. e7 Kf7 47. Kd8 Ra8+ 48. Kc7 c4 49. Kb7 Re8 50. Rd2 Rxe7+ 51. Kc6 Re3 52. Kc5 c3 53. Rf2+ Kg6 54. Kd4 Re6 55. Kxc3 Rd6 56. Kc2 Kg5 57. h3 h5 58. Rf4 Rf6 59. Rxf6 Kxf6 60. Kd2 g5 61. Ke3 Kf5 62. Kf3 g4+ 1/2-1/2

[Event "Eger Agria op 40th"]
[Site "Eger"]
[Date "2016.07.21"]
[Round "5"]
[White "Schmidt, Gabor"]
[Black "Fabian Nagy, Sandor"]
[Result "0-1"]
[WhiteElo "1738"]
[BlackElo "2007"]
[PlyCount "50"]
[EventDate "2016.07.18"]
[EventType "swiss"]
[EventRounds "8"]
[EventCountry "HUN"]
[SourceTitle "EXT 2020"]
[Source "ChessBase"]
[SourceDate "2019.10.17"]
[SourceVersion "1"]
[SourceVersionDate "2019.10.17"]
[SourceQuality "1"]

1. d4 Nf6 2. c4 c5 3. d5 d6 4. Nc3 g6 5. e4 Bg7 6. Bd3 0-0 7. Nge2 e6 8. Bg5 Nbd7 9. Qd2 Ne5 10. b3 h6 11. Bxf6 Qxf6 12. Bc2 exd5 13. Nxd5 Nf3+ 14. gxf3 Qxa1+ 15. Bd1 Qe5 16. 0-0 Bh3 17. Re1 Qh5 18. Nef4 Qg5+ 19. Kh1 Bg2+ 20. Kg1 Bxf3+ 21. Kf1 Bg2+ 22. Kg1 Bxe4+ 23. Kf1 Bg2+ 24. Ke2 Rfe8+ 25. Kd3 Qf5+ 0-1

[Event "Eger Agria op 40th"]
[Site "Eger"]
[Date "2016.07.20"]
[Round "4"]
[White "Fabian Nagy, Sandor"]
[Black "Goczo, Melinda"]
[Result "0-1"]
[WhiteElo "2007"]
[BlackElo "2159"]
[PlyCount "90"]
[EventDate "2016.07.18"]
[EventType "swiss"]
[EventRounds "8"]
[EventCountry "HUN"]
[SourceTitle "EXT 2020"]
[Source "ChessBase"]
[SourceDate "2019.10.17"]
[SourceVersion "1"]
[SourceVersionDate "2019.10.17"]
[SourceQuality "1"]

1. e4 c5 2. Nf3 d6 3. c3 Nf6 4. Qc2 Qc7 5. d4 cxd4 6. Nxd4 a6 7. Bg5 Nbd7 8. Be2 g6 9. Nd2 Bg7 10. a4 0-0 11. 0-0 b6 12. Be3 d5 13. exd5 Nxd5 14. Bf3 Bb7 15. Rfe1 Nxe3 16. fxe3 Ne5 17. e4 Rfd8 18. N2b3 Rd7 19. Rad1 Rad8 20. Rd2 Nc4 21. Rf2 e5 22. Bg4 exd4 23. Bxd7 Qxd7 24. cxd4 Qxa4 25. Qc3 Na5 26. Qc7 Qd7 27. Qxd7 Rxd7 28. Nxa5 bxa5 29. e5 Rxd4 30. Rc2 Rd7 31. Ree2 h5 32. Rc5 a4 33. Rc4 Bf8 34. h3 a3 35. bxa3 Bxa3 36. Ra4 Bc5+ 37. Kh2 Kg7 38. g4 hxg4 39. hxg4 Bc6 40. Rf4 Bb5 41. Re1 Rd2+ 42. Kh3 Bb4 43. Rc1 Rd3+ 44. Kg2 Bd2 45. Rd1 Bxf4 0-1

[Event "HUN-chT2 Toth 1516"]
[Site "Hungary"]
[Date "2016.04.03"]
[Round "10.4"]
[White "Fabian Nagy, Sandor"]
[Black "Andriska, Zsolt"]
[Result "1-0"]
[WhiteElo "1995"]
[BlackElo "2097"]
[PlyCount "115"]
[EventDate "2015.09.13"]
[EventType "team-tourn"]
[EventRounds "11"]
[EventCountry "HUN"]
[SourceTitle "EXT 2017"]
[Source "ChessBase"]
[SourceDate "2016.10.25"]
[SourceVersion "1"]
[SourceVersionDate "2016.10.25"]
[SourceQuality "1"]
[WhiteTeam "Szentes Integral"]
[BlackTeam "Toth Laszlo II"]
[WhiteTeamCountry "HUN"]
[BlackTeamCountry "HUN"]

1. e4 c5 2. g3 Nc6 3. c3 d5 4. Bg2 dxe4 5. Bxe4 Nf6 6. Bg2 Bg4 7. Qa4 Rc8 8. d4 e6 9. Be3 Nd5 10. dxc5 Nxe3 11. fxe3 Qg5 12. Qf4 Qxf4 13. gxf4 Bxc5 14. Kf2 0-0 15. Nd2 Rfd8 16. Ngf3 Rd3 17. Rhe1 Rcd8 18. Nb3 Be7 19. Kg3 h5 20. Nfd4 Nxd4 21. Nxd4 Rd2 22. b3 f5 23. h3 h4+ 24. Kh2 Bh5 25. Kh1 Kf7 26. Bxb7 Bf6 27. Bg2 Rg8 28. a4 g5 29. fxg5 Rxg5 30. Bf3 Bxd4 31. Bxh5+ Rxh5 32. cxd4 Rg5 33. Rg1 Rxg1+ 34. Kxg1 Re2 35. b4 Rxe3 36. b5 Rb3 37. Rc1 Kf6 38. Rc7 Rxh3 39. Rxa7 Rb3 40. Ra6 Rd3 41. a5 Rxd4 42. b6 Rb4 43. Ra8 Rb5 44. Rc8 f4 45. a6 Rxb6 46. a7 Ra6 47. a8Q Rxa8 48. Rxa8 Kf5 49. Kf2 e5 50. Rh8 Kg4 51. Re8 Kf5 52. Kf3 h3 53. Re7 h2 54. Rh7 e4+ 55. Kf2 Kg4 56. Rxh2 f3 57. Rh8 Kf4 58. Rh4+ 1-0

[Event "HUN-chT2 Toth 1516"]
[Site "Hungary"]
[Date "2016.03.20"]
[Round "9.4"]
[White "Valyi, Adel"]
[Black "Fabian Nagy, Sandor"]
[Result "0-1"]
[WhiteElo "1908"]
[BlackElo "1995"]
[PlyCount "110"]
[EventDate "2015.09.13"]
[EventType "team-tourn"]
[EventRounds "11"]
[EventCountry "HUN"]
[SourceTitle "EXT 2017"]
[Source "ChessBase"]
[SourceDate "2016.10.25"]
[SourceVersion "1"]
[SourceVersionDate "2016.10.25"]
[SourceQuality "1"]
[WhiteTeam "Maroczy II"]
[BlackTeam "Szentes Integral"]
[WhiteTeamCountry "HUN"]
[BlackTeamCountry "HUN"]

1. d4 Nf6 2. Nf3 g6 3. c3 d6 4. Nbd2 Bg7 5. e4 0-0 6. Bd3 c5 7. 0-0 Nc6 8. d5 Nb8 9. h3 e5 10. dxe6 fxe6 11. e5 dxe5 12. Nxe5 Nd5 13. Ndf3 Nf4 14. Bxf4 Rxf4 15. Qe2 Qc7 16. Rfe1 a6 17. a4 Rf6 18. Ng4 Rxf3 19. Qxf3 c4 20. Bf1 Bd7 21. Qe4 Nc6 22. Bxc4 Re8 23. Rad1 Nd8 24. Bb3 Bc6 25. Qe3 b5 26. axb5 axb5 27. Ne5 Ba8 28. Rd7 Qc8 29. Red1 Nc6 30. Ng4 Kh8 31. Nh6 Ne5 32. Nf7+ Nxf7 33. Rxf7 Qc6 34. Qg3 Qe4 35. Qg4 Qe5 36. Rfd7 Bc6 37. R7d6 Bd5 38. R6xd5 exd5 39. Bxd5 Rf8 40. Qe4 Qg5 41. Qb4 Qf5 42. Bf3 Re8 43. Bc6 Rf8 44. Rf1 Rb8 45. c4 Qf4 46. Bxb5 Be5 47. g3 Qf3 48. Qd2 Qf6 49. b3 Rd8 50. Qe2 Bd4 51. Qc2 Qf3 52. c5 Qxg3+ 53. Kh1 Qxh3+ 54. Kg1 Qg4+ 55. Kh1 Rd5 0-1

[Event "HUN-chT2 Toth 1516"]
[Site "Hungary"]
[Date "2015.12.06"]
[Round "6.4"]
[White "Csuri, Laszlo"]
[Black "Fabian Nagy, Sandor"]
[Result "1-0"]
[WhiteElo "1975"]
[BlackElo "1995"]
[PlyCount "67"]
[EventDate "2015.09.13"]
[EventType "team-tourn"]
[EventRounds "11"]
[EventCountry "HUN"]
[SourceTitle "CBM 170 Extra"]
[Source "ChessBase"]
[SourceDate "2016.02.25"]
[SourceVersion "1"]
[SourceVersionDate "2016.02.25"]
[SourceQuality "1"]
[WhiteTeam "Roszke"]
[BlackTeam "Szentes Integral"]
[WhiteTeamCountry "HUN"]
[BlackTeamCountry "HUN"]

1. d4 Nf6 2. Nf3 g6 3. g3 d6 4. Bg2 c6 5. 0-0 Bg4 6. h3 Bxf3 7. exf3 Bg7 8. f4 0-0 9. Nd2 Nbd7 10. Nf3 Qc7 11. Re1 Rfe8 12. c3 Rad8 13. Qc2 c5 14. dxc5 Nxc5 15. Be3 Nd5 16. Bd4 e5 17. fxe5 dxe5 18. Bxc5 Qxc5 19. Qb3 e4 20. Nd4 e3 21. Bxd5 Rxd5 22. fxe3 Rg5 23. Kg2 Qe5 24. g4 Qe4+ 25. Nf3 h5 26. Kf2 hxg4 27. Qxf7+ Kh8 28. Nxg5 Qe5 29. Qf4 Qe7 30. Qxg4 Rf8+ 31. Kg2 Rf5 32. h4 Bh6 33. Rh1 Qd7 34. Qd4+ 1-0

[Event "HUN-chT2 Toth 1516"]
[Site "Hungary"]
[Date "2015.11.29"]
[Round "5.4"]
[White "Fabian Nagy, Sandor"]
[Black "Tamas, Kornel"]
[Result "1/2-1/2"]
[WhiteElo "1995"]
[BlackElo "1988"]
[PlyCount "62"]
[EventDate "2015.09.13"]
[EventType "team-tourn"]
[EventRounds "11"]
[EventCountry "HUN"]
[SourceTitle "CBM 170 Extra"]
[Source "ChessBase"]
[SourceDate "2016.02.25"]
[SourceVersion "1"]
[SourceVersionDate "2016.02.25"]
[SourceQuality "1"]
[WhiteTeam "Szentes Integral"]
[BlackTeam "Gyula"]
[WhiteTeamCountry "HUN"]
[BlackTeamCountry "HUN"]

1. e4 d5 2. exd5 Nf6 3. d4 Nxd5 4. c4 Nb6 5. Nc3 g6 6. Be3 Bg7 7. Qd2 Nc6 8. 0-0-0 Bf5 9. f3 h5 10. Be2 Qd7 11. g4 hxg4 12. fxg4 Bxg4 13. Bxg4 Qxg4 14. b3 0-0-0 15. Nge2 Nxd4 16. Nxd4 e5 17. Qe2 Rxd4 18. Bxd4 Qxe2 19. Nxe2 exd4 20. Nxd4 Nd7 21. Rhe1 Ne5 22. Re2 a6 23. Rf2 Rd8 24. Kc2 Ng4 25. Rxf7 Ne3+ 26. Kb1 Nxd1 27. Ne6 Rd7 28. Rxg7 Rxg7 29. Nxg7 Kd7 30. h4 Ke7 31. h5 gxh5 1/2-1/2

[Event "HUN-chT2 Toth 1516"]
[Site "Hungary"]
[Date "2015.11.08"]
[Round "4.5"]
[White "Fabian Nagy, Sandor"]
[Black "Kovacs Cs, Laszlo"]
[Result "1-0"]
[WhiteElo "1995"]
[BlackElo "1893"]
[PlyCount "79"]
[EventDate "2015.09.13"]
[EventType "team-tourn"]
[EventRounds "11"]
[EventCountry "HUN"]
[SourceTitle "CBM 170 Extra"]
[Source "ChessBase"]
[SourceDate "2016.02.25"]
[SourceVersion "1"]
[SourceVersionDate "2016.02.25"]
[SourceQuality "1"]
[WhiteTeam "Szentes Integral"]
[BlackTeam "Felegyhaza Csongrad"]
[WhiteTeamCountry "HUN"]
[BlackTeamCountry "HUN"]

1. e4 g6 2. d4 Bg7 3. f4 d6 4. Bc4 Nf6 5. Nc3 0-0 6. Nf3 Bg4 7. e5 Ne4 8. Nxe4 d5 9. Bd3 dxe4 10. Bxe4 c6 11. 0-0 f5 12. Bd3 Qd5 13. c3 e6 14. b3 Re8 15. Bc4 Qa5 16. b4 Qd8 17. Qb3 Bxf3 18. Bxe6+ Kf8 19. Rxf3 b5 20. Bg8 Qe7 21. Bxh7 Qf7 22. Qxf7+ Kxf7 23. Rg3 Re6 24. h4 Nd7 25. h5 Nf8 26. Bxg6+ Nxg6 27. hxg6+ Rxg6 28. Rxg6 Kxg6 29. a4 a6 30. axb5 cxb5 31. d5 Bf8 32. Be3 Kf7 33. Bd4 Be7 34. Kf2 Bh4+ 35. g3 Be7 36. Rh1 a5 37. Rh7+ Ke8 38. e6 axb4 39. Rh8+ Bf8 40. Bc5 1-0

[Event "HUN-chT2 Toth 1415"]
[Site "Hungary"]
[Date "2015.04.26"]
[Round "11.3"]
[White "Fabian Nagy, Sandor"]
[Black "Olah, Gabor Mihaly"]
[Result "0-1"]
[WhiteElo "2042"]
[BlackElo "2008"]
[PlyCount "90"]
[EventDate "2014.09.07"]
[EventType "team-tourn"]
[EventRounds "11"]
[EventCountry "HUN"]
[SourceTitle "EXT 2016"]
[Source "ChessBase"]
[SourceDate "2015.10.08"]
[SourceVersion "1"]
[SourceVersionDate "2015.10.08"]
[SourceQuality "1"]
[WhiteTeam "Szentes"]
[BlackTeam "Bekes"]
[WhiteTeamCountry "HUN"]
[BlackTeamCountry "HUN"]

1. e4 c5 2. Nf3 d6 3. c3 Nf6 4. Be2 Nc6 5. Qc2 e5 6. 0-0 g6 7. d3 Bg7 8. Na3 0-0 9. Rd1 Ne8 10. Be3 Bg4 11. Bg5 Qd7 12. Nc4 h6 13. Bd2 Be6 14. b4 b5 15. Ne3 cxb4 16. cxb4 Rc8 17. Qb2 f5 18. Bc3 f4 19. Nc2 Nf6 20. a4 a6 21. axb5 axb5 22. d4 Nxe4 23. Bxb5 Qf7 24. dxe5 Nxc3 25. Qxc3 Nxe5 26. Qd2 Nxf3+ 27. gxf3 Bxa1 28. Rxa1 Qf5 29. Bd3 Qg5+ 30. Kh1 Bd5 31. Nd4 Rf6 32. Rg1 Qh5 33. Qe2 Bf7 34. Qe7 Qe5 35. Qd7 Re8 36. Nc6 Qe6 37. Qc7 Kh8 38. b5 Qd5 39. Be4 Rxe4 40. Qd8+ Kg7 41. Ne7 Rxe7 42. Qxe7 Qxf3+ 43. Rg2 Qd1+ 44. Rg1 Qd5+ 45. Rg2 Re6 0-1

[Event "HUN-chT2 Toth 1415"]
[Site "Hungary"]
[Date "2015.03.22"]
[Round "10.5"]
[White "Szijarto, Csaba"]
[Black "Fabian Nagy, Sandor"]
[Result "0-1"]
[WhiteElo "2114"]
[BlackElo "2042"]
[PlyCount "80"]
[EventDate "2014.09.07"]
[EventType "team-tourn"]
[EventRounds "11"]
[EventCountry "HUN"]
[SourceTitle "EXT 2016"]
[Source "ChessBase"]
[SourceDate "2015.10.08"]
[SourceVersion "1"]
[SourceVersionDate "2015.10.08"]
[SourceQuality "1"]
[WhiteTeam "Ujszasz"]
[BlackTeam "Szentes"]
[WhiteTeamCountry "HUN"]
[BlackTeamCountry "HUN"]

1. e4 c5 2. Nf3 e6 3. d4 cxd4 4. Nxd4 a6 5. Nc3 Qc7 6. Bd3 Nf6 7. 0-0 Be7 8. Nce2 b6 9. Ng3 h5 10. Re1 Ng4 11. h3 Bc5 12. hxg4 Bxd4 13. Be3 Bxe3 14. Rxe3 h4 15. Ne2 Nc6 16. c3 Ne5 17. Nd4 Bb7 18. Qe2 Nxd3 19. Rxd3 Qe5 20. Re1 0-0-0 21. Qe3 d5 22. f4 Qxe4 23. Qxe4 dxe4 24. Rh3 g5 25. f5 e5 26. Nb3 a5 27. Rhe3 a4 28. Na1 Rd3 29. Nc2 Rd2 30. R3e2 Rhd8 31. Nb4 f6 32. Kf2 Kc7 33. Ke3 Rxe2+ 34. Kxe2 e3 35. Kxe3 Bxg2 36. Kf2 Rd2+ 37. Re2 Rxe2+ 38. Kxe2 Kd6 39. b3 axb3 40. axb3 e4 0-1

[Event "HUN-chT2 Toth 1415"]
[Site "Hungary"]
[Date "2014.11.30"]
[Round "5.4"]
[White "Fabian Nagy, Sandor"]
[Black "Gombos, Janos"]
[Result "0-1"]
[WhiteElo "2042"]
[BlackElo "1994"]
[PlyCount "110"]
[EventDate "2014.09.07"]
[EventType "team-tourn"]
[EventRounds "11"]
[EventCountry "HUN"]
[SourceTitle "EXT 2016"]
[Source "ChessBase"]
[SourceDate "2015.10.08"]
[SourceVersion "1"]
[SourceVersionDate "2015.10.08"]
[SourceQuality "1"]
[WhiteTeam "Szentes"]
[BlackTeam "Gyula"]
[WhiteTeamCountry "HUN"]
[BlackTeamCountry "HUN"]

1. e4 e5 2. Nf3 Nc6 3. d4 exd4 4. Nxd4 Bc5 5. Be3 Qf6 6. c3 Nge7 7. f4 d6 8. Be2 0-0 9. 0-0 a6 10. g4 Ng6 11. g5 Qe7 12. Qd3 f5 13. gxf6 Qxf6 14. f5 Nge5 15. Qd2 h6 16. Rf2 Bd7 17. Rg2 Kh8 18. b4 Bb6 19. Na3 Rae8 20. Rf1 Nf7 21. Rg6 Qe7 22. Rxg7 Rg8 23. Rxg8+ Rxg8+ 24. Kh1 Qxe4+ 25. Bf3 Qh4 26. Bd5 Nxd4 27. cxd4 Bc6 28. Bxc6 bxc6 29. Rf4 Qh3 30. Qf2 Rg4 31. f6 d5 32. Rf3 Qh4 33. Qxh4 Rxh4 34. Nc2 Rg4 35. h3 Rg6 36. Ne1 Kg8 37. Ng2 Ng5 38. Rf5 Kf7 39. h4 Ne4 40. Kh2 Rxf6 41. Re5 Nc3 42. h5 Nb5 43. Nh4 Bxd4 44. Bxd4 Nxd4 45. Kg2 Re6 46. Ng6 Rxe5 47. Nxe5+ Ke6 48. Nd3 Kd6 49. Nc5 Ne6 50. Nxa6 c5 51. a4 cxb4 52. Nxb4 c5 53. Nd3 c4 54. Nb4 d4 55. a5 Kc5 0-1